Statystyki dla Podział bezkręgowców i kręgowców

Kliknij tutaj aby rozwiązać quiz!

Ogólne statystyki

  • Ten quiz został rozwiązany 91 razy
  • Średni wynik to 9 z 13

Statystyki odpowiedzi

HintOdpowiedź% Poprawnych
Kręgowcegady
97%
Kręgowcessaki
97%
Kręgowcepłazy
96%
Kręgowceptaki
96%
Kręgowceryby
87%
Bezkręgowcestawonogi
73%
Bezkręgowcemięczaki
72%
Bezkręgowcepłazińce
58%
Bezkręgowcenicienie
54%
Bezkręgowcepierścienice
54%
Bezkręgowceparzydełkowce
52%
Bezkręgowcegąbki
44%
Bezkręgowceszkarłupnie
37%

Rozkład punktacji

Percentyl według liczby udzielonych odpowiedzi

Procent ludzi z każdym wynikiem

Twoja historia wyników

Nie rozwiązałeś tego quizu